header

The unfinished war (Record no. 217684)

MARC details
000 -LEADER
fixed length control field 02394nam a2200373 a 4500
082 04 - DEWEY DECIMAL CLASSIFICATION NUMBER
Classification number 951.904/2
100 1# - MAIN ENTRY--AUTHOR NAME
Personal name Lee, Bong.
245 14 - TITLE STATEMENT
Title The unfinished war
260 ## - PUBLICATION, DISTRIBUTION, ETC. (IMPRINT)
Place of publication New York :
Name of publisher Algora Pub.,
Year of publication c2003.
300 ## - PHYSICAL DESCRIPTION
Number of Pages viii, 284 p. :
Other physical details maps.
505 0# - FORMATTED CONTENTS NOTE
Formatted contents note Thus it began: Korea, the hermit kingdom ; Korean nationalists -- The Lee family under Japanese occupation: out of the frying pan, into the fire, World War II --The Russians are coming: Kim Il Sung makes an entrance -- Americans in South Korea -- North Koreans discover communism -- Chaos in South Korea: MacArthur in Japan -- Prelude to a hot war -- On a rainy Sunday across the 38th parallel: reactions of Washington -- The ROK army on the brink of disintegration: MacArthur in Suwon ; Tactical errors all around -- An ugly war -- The first hundred days -- Mao's thought in Beijing -- The Inchon landing and its aftermath -- Chinese traps -- A brand new ball game --Refugee stories: the plight of refugees and massacres of innocent civilians -- An old soldier just fades away, a new one steps in -- The way we survived the war -- A talking war -- The tortuous path to armistice agreement -- South Korea after the ceasefire: two schoolgirls -- North Korea now -- Old war, new crisis: the nuclear weapons developement program ; the sunshine policy ; military provocations ; what next.
650 #0 - SUBJECT ADDED ENTRY--TOPICAL TERM
Topical Term Korean War, 1950-1953.
856 40 - ELECTRONIC LOCATION AND ACCESS
Uniform Resource Identifier http://site.ebrary.com/lib/rucke/Doc?id=10476729

No items available.

© 2026 Rongo University
Contact us: librarian | system librarian | Rongo university